<?xml version="1.0" encoding="UTF-8"?><?xml-stylesheet type="text/xsl" href="static/style.xsl"?><OAI-PMH xmlns="http://www.openarchives.org/OAI/2.0/" xmlns:xsi="http://www.w3.org/2001/XMLSchema-instance" xsi:schemaLocation="http://www.openarchives.org/OAI/2.0/ http://www.openarchives.org/OAI/2.0/OAI-PMH.xsd"><responseDate>2026-04-14T07:45:07Z</responseDate><request verb="GetRecord" identifier="oai:www.recercat.cat:20.500.12327/4563" metadataPrefix="marc">https://recercat.cat/oai/request</request><GetRecord><record><header><identifier>oai:recercat.cat:20.500.12327/4563</identifier><datestamp>2025-10-22T11:24:32Z</datestamp><setSpec>com_2072_4428</setSpec><setSpec>com_2072_4427</setSpec><setSpec>col_2072_487898</setSpec></header><metadata><record xmlns="http://www.loc.gov/MARC21/slim" xmlns:dcterms="http://purl.org/dc/terms/" xmlns:xsi="http://www.w3.org/2001/XMLSchema-instance" xmlns:doc="http://www.lyncode.com/xoai" xsi:schemaLocation="http://www.loc.gov/MARC21/slim http://www.loc.gov/standards/marcxml/schema/MARC21slim.xsd">
   <leader>00925njm 22002777a 4500</leader>
   <datafield ind2=" " ind1=" " tag="042">
      <subfield code="a">dc</subfield>
   </datafield>
   <datafield ind2=" " ind1=" " tag="720">
      <subfield code="a">Teixidó, Neus</subfield>
      <subfield code="e">author</subfield>
   </datafield>
   <datafield ind2=" " ind1=" " tag="720">
      <subfield code="a">Viñas, I.</subfield>
      <subfield code="e">author</subfield>
   </datafield>
   <datafield ind2=" " ind1=" " tag="720">
      <subfield code="a">Usall, Josep</subfield>
      <subfield code="e">author</subfield>
   </datafield>
   <datafield ind2=" " ind1=" " tag="720">
      <subfield code="a">Magan, N.</subfield>
      <subfield code="e">author</subfield>
   </datafield>
   <datafield ind2=" " ind1=" " tag="260">
      <subfield code="c">1998-05-29</subfield>
   </datafield>
   <datafield ind2=" " ind1=" " tag="520">
      <subfield code="a">Unmodified and low water activity (aw)-tolerant cells of Candida sake&#xd;
CPA-1 applied before harvest were compared for ability to control blue&#xd;
mold of apples (‘Golden Delicious’) caused by Penicillium expansum under&#xd;
commercial storage conditions. The population dynamics of strain CPA-1&#xd;
on apples were studied in the orchard and during storage following application of 3 × 106 CFU/ml of each treatment 2 days prior to harvest. In the&#xd;
field, the population size of the unmodified treatment remained relatively&#xd;
unchanged, while the population size of the low-aw–modified CPA-1 cells increased. During cold storage, the populations in both treatments increased from 103 to 105 CFU/g of apple after 30 days, and then declined&#xd;
to about 2.5 × 104 CFU/g of apple. In laboratory studies, the low-aw–&#xd;
tolerant cells provided significantly better disease control as compared&#xd;
with the unmodified cells and reduced the number of infected wounds&#xd;
and lesion size by 75 and 90%, respectively, as compared with the nontreated controls. After 4 months in cold storage, both unmodified and&#xd;
low-a&#xd;
w–tolerant cells of C. sake were equally effective against P. expansum on apple (>50% reduction in size of infected wounds)</subfield>
   </datafield>
   <datafield ind1="8" ind2=" " tag="024">
      <subfield code="a">Teixidó, N., I. Viñas, J. Usall, and N. Magan. 1998. “Control of Blue Mold of Apples by Preharvest Application of Candida Sake Grown in Media with Different Water Activity.” Phytopathology 88 (9): 960-964. doi: 10.1094/phyto.1998.88.9.960</subfield>
   </datafield>
   <datafield ind1="8" ind2=" " tag="024">
      <subfield code="a">0031-949X</subfield>
   </datafield>
   <datafield ind1="8" ind2=" " tag="024">
      <subfield code="a">http://hdl.handle.net/20.500.12327/4563</subfield>
   </datafield>
   <datafield ind1="8" ind2=" " tag="024">
      <subfield code="a">https://doi.org/10.1094/PHYTO.1998.88.9.960</subfield>
   </datafield>
   <datafield ind2="0" ind1="0" tag="245">
      <subfield code="a">Control of Blue Mold of Apples by Preharvest Application of Candida sake Grown in Media with Different Water Activity</subfield>
   </datafield>
</record></metadata></record></GetRecord></OAI-PMH>